Geography Quiz

Random Geography or State Quiz
Score 0/15 Timer 02:00
0 Plays Today
Rank State % Correct
2Texas
99.8%
3California
99.5%
1Alaska
98.6%
4Montana
95%
8Colorado
91.6%
7Nevada
90.9%
6Arizona
90.1%
5New Mexico
89.7%
Rank State % Correct
10Wyoming
88.2%
13Utah
86.8%
14Idaho
84.6%
9Oregon
81.7%
12Minnesota
81.3%
15Kansas
80.3%
11Michigan
71.2%

You're not logged in!

Compare scores with friends on all Sporcle quizzes.
OR
Log In

Sporcle TV

Today on Sporcle TV


Watch our educational content, quiz creation guides, and fun videos on Sporcle TV.

Show Comments

Extras

Created Oct 2, 2009ReportNominate
Tags:State Quiz, largest, mileage, Square

Top Quizzes Today


Score Distribution

Paid Content

Your Account Isn't Verified!

In order to create a playlist on Sporcle, you need to verify the email address you used during registration. Go to your Sporcle Settings to finish the process.

Report this User

Report this user for behavior that violates our Community Guidelines.

Details: